00682cam a22002291 4500001001300000003000400013005001700017008004100034010001700075025001900092035002000111040002100131050002700152100003800179245003000217260001100247300001800258500001400276500004700290600009800337999001700435sa 68007634 DLC20260227112524.0950223s1964 ii 000 0 tamo  asa 68007634  aPL480:I-T-1355 a(OCoLC)32040493 aDLCcCUdCUdDLC00aPL4758.9.T487bV5 19641 aVicuvanātan̲, Ī. Ca.,d1933-10aVān̲kalanta vācakam. c[1964] a74 p.c18 cm. aIn Tamil. aPreviously published in Tamiḷ nēcan̲.00aMānikkavācakar,dactive 9th century.tTiruvācakam. tirumurai.pEṭṭān tirumur̲ai. c81942d81942